| 000 | 00511nam a2200181Ia 4500 | ||
|---|---|---|---|
| 008 | 240925s9999 xx 000 0 und d | ||
| 020 | _a132709929 | ||
| 082 | _a005.75 YOU | ||
| 100 | _aYoung ,Douglas A. | ||
| 245 | 0 | _aNetscape Developer's Guide to Pulg-ins | |
| 250 | _aNA | ||
| 260 |
_aNew Jersey: _bPrintice- Hall Int. _c,1997. |
||
| 300 |
_axxii,922p. _bNA _fOriginal |
||
| 500 | _aIncludes Index | ||
| 600 | _aComputer Science | ||
| 650 | _aComputer science, information & general works | ||
| 942 | _cBK | ||
| 999 |
_c6050 _d6050 |
||